000 00635cam a22002173a 4500
001 42829
003 PGUSA
005 20140828083955.0
008 130528s2013||||xxu|||||s|||||000 | eng d
040 _aPGUSA
_beng
042 _adc
100 1 _aJohnston, Alfred St.
245 1 0 _aIn Quest of Gold :
_bUnder the Whanga Falls
_h[electronic resource] /
_cAlfred St. Johnston
260 _bProject Gutenberg,
_c2013
506 _aPublic domain in the USA.
516 _aElectronic text
700 1 _aBrowne, Gordon,
_d1858-1932
830 0 _aProject Gutenberg
_v42829
856 4 0 _uhttp://www.gutenberg.org/ebooks/42829
942 _cEB
999 _c272081
_d272081